In love and song ; (Record no. 17491)
[ view plain ]
| 000 -LEADER | |
|---|---|
| fixed length control field | 00637nam a2200229 4500 |
| 001 - CONTROL NUMBER | |
| control field | 17491 |
| 003 - CONTROL NUMBER IDENTIFIER | |
| rucl marc code | BD-RjUL |
| 005 - DATE AND TIME OF LATEST TRANSACTION | |
| control field | 20211209000141.0 |
| 008 - FIXED-LENGTH DATA ELEMENTS--GENERAL INFORMATION | |
| fixed length control field | 140217s1971 nyua 001 0 eng |
| 020 ## - INTERNATIONAL STANDARD BOOK NUMBER | |
| International Standard Book Number | 068412498X |
| 035 ## - SYSTEM CONTROL NUMBER | |
| System control number | (BD-RjUL)17549 |
| 040 ## - CATALOGING SOURCE | |
| Original cataloging agency | DLC |
| Transcribing agency | DLC |
| Modifying agency | BD-RjUL |
| Language of cataloging | eng |
| 041 ## - LANGUAGE CODE | |
| Language code of text/sound track or separate title | eng |
| 082 00 - DEWEY DECIMAL CLASSIFICATION NUMBER | |
| Classification number | 811.52 |
| Author mark and year | WHI 1971 |
| 100 1# - MAIN ENTRY--PERSONAL NAME | |
| Personal name | Wheelock, John Hall, |
| Dates associated with a name | 1886-1978. |
| 9 (RLIN) | 53367 |
| 245 10 - TITLE STATEMENT | |
| Title | In love and song ; |
| Remainder of title | poems / |
| Statement of responsibility, etc. | Wood engravings by Stefan Martin. |
| 260 ## - PUBLICATION, DISTRIBUTION, ETC. (IMPRINT) | |
| Place of publication, distribution, etc. | New York : |
| Name of publisher, distributor, etc. | Scribner , |
| Date of publication, distribution, etc. | 1971 |
| 300 ## - PHYSICAL DESCRIPTION | |
| Pagination | xii, 127 p. : |
| Illustrations | illus. ; |
| Size | 24 cm. |
| 942 ## - ADDED ENTRY ELEMENTS (KOHA) | |
| Source of classification or shelving scheme | Dewey Decimal Classification |
| Koha item type | Books |
| Lost status | Source of classification or shelving scheme | Damaged status | Not for loan | Collection code | Permanent Location | Current Location | Shelving location | Date acquired | Source of acquisition | Total Checkouts | Full call number | Date last seen | Copy number | Koha item type |
|---|---|---|---|---|---|---|---|---|---|---|---|---|---|---|
| Dewey Decimal Classification | Non-fiction | Central Library, University of Rajshahi | Central Library, University of Rajshahi | 09/07/1976 | Asia foundation | 811.52 WHI 1971 | 17/02/2014 | C-3 | Books | |||||
| Dewey Decimal Classification | Non-fiction | Central Library, University of Rajshahi | Central Library, University of Rajshahi | 09/07/1976 | USIS Dhaka | 811.52 WHI 1971 | 03/02/2020 | C-2 | Books | |||||
| Dewey Decimal Classification | Not For Loan | Non-fiction | Central Library, University of Rajshahi | Central Library, University of Rajshahi | Reading Room | 14/08/1975 | USIS Dhaka | 811.52 WHI 1971 | 03/02/2020 | C-1 | Books |